Seguridad, higiene y control ambiental

Guardat en:
Dades bibliogràfiques
Autor principal: Letayf Acar, Jorge
Altres autors: González González, Carlos
Format: Llibre
Idioma:espanyol
Publicat: Ciudad de México, México McGraw Hill 1997
Matèries:
Etiquetes: Afegir etiqueta
Sense etiquetes, Sigues el primer a etiquetar aquest registre!

MARC

LEADER 00000nam a2200000 a 4500
001 UCQ4949
003 CL-VaPUC
005 20240904153650.0
008 980921e19970000MX |||||||||||||||||spa|d
999 |c 275238  |d 275236 
040 |c Pontificia Universidad Católica de Valparaíso 
082 0 4 |a 613.62 LET 1997  |2 21 
100 0 |a Letayf Acar, Jorge  |9 419079 
245 1 0 |a Seguridad, higiene y control ambiental 
260 0 3 |a Ciudad de México, México  |b McGraw Hill  |c 1997 
300 |a 388 páginas 
583 |a last modification  |c 19980921 00:00:00  |k Rodrigo Vera 
650 7 |a CONTROL AMBIENTAL  |2 CL-VaPUC  |9 366258 
650 7 |a SEGURIDAD INDUSTRIAL  |2 CL-VaPUC  |9 254906 
650 0 |a Higiene industrial  |9 318704 
650 0 |a Prevención de accidentes   |9 262912 
700 |a González González, Carlos  |9 576017 
942 |c BK  |2 ddc 
945 |d 19980921 00:00:00  |a mvenant 
952 |0 0  |1 0  |2 ddc  |4 0  |6 613_620000000000000_LET_1997  |7 0  |8 A  |9 311825  |a BIBCUR  |b BIBCUR  |d 2019-11-20  |i 3464350  |o 613.62 LET 1997  |p 3464350  |r 2025-04-22  |t 1  |w 2019-11-20  |y BK  |k BIO